Industrial acceptance of California Polytechnic State University engineering technology graduates /

Bibliographic Details
Main Author: Ehrenberg, James R.
Format: Thesis Microform Book
Language:English
Published: [Place of publication not identified] : [publisher not identified] ; 1982.
Subjects:

MARC

Tag First Indicator Second Indicator Subfields
LEADER 00000cam a2200000 a 4500
001 in00000433413
005 20151012070517.0
007 hd af----b---
008 870226r19821982miua ab 00010 eng d
035 |a (OCoLC)15241522 
035 |9 ABW5781AM 
040 |a TXA  |c TXA  |d UtOrBLW 
043 |a n-us-ca 
049 |a TXAI 
099 |a film  |a B  |a 1865 
100 1 |a Ehrenberg, James R. 
245 1 0 |a Industrial acceptance of California Polytechnic State University engineering technology graduates /  |c by James R. Ehrenberg. 
264 1 |a [Place of publication not identified] :  |b [publisher not identified] ;  |c 1982. 
300 |a v, 66 leaves :  |b illustrations 
336 |a text  |b txt  |2 rdacontent 
337 |a microform  |b h  |2 rdamedia 
338 |a microfilm reel  |b hd  |2 rdacarrier 
502 |b Ed. D.  |c Brigham Young University  |d 1982. 
504 |a Bibliography: leaves 47-51. 
533 |a Microfilm.  |b Ann Arbor, Mich. :  |c University Microfilms International,  |d 1982.  |e 1 microfilm reel ; 35 mm. 
500 |a Microform. 
610 2 0 |a California Polytechnic State University, San Luis Obispo. 
650 0 |a Engineering students  |z California  |z San Luis Obispo. 
650 0 |a Engineering schools  |z California  |z San Luis Obispo. 
999 |a MARS 
999 f f |s 7ed5b022-a39d-3b11-a387-584fd99bdcbe  |i 18043e88-5271-345d-9c88-cb751ef92769  |t 0 
952 f f |p default  |a Texas A&M University  |b College Station  |c Sterling C. Evans Library  |d Evans: Microforms (3rd floor)  |t 0  |e film B 1865  |h Other scheme  |i microform -- microfilm reel 
998 f f |a film B 1865  |t 0  |l Evans: Microforms (3rd floor)